000 00510nam a2200205 a 4500
999 _c6014
_d6014
001 6014
003 BD-JhCC
005 20180122171959.0
008 171231s e |||| ||a| 000 0 eng d
035 _a(BD-JhCC) 6014
040 _aBD-JhCC
_dBD-JhCC
041 _aeng
082 _a822.32
_bSHA
245 _aRomeo and Juliet /
_cShakespeare
260 _aLondon :
_bBLACKIE & SON LIMITED LONDON AND GLASGOW
300 _a93 p .:
_c16 cm .
650 _aEnglish Drama
942 _2ddc
_cBK